Musical Acts by Logo #2 - Statistics

General Stats
  • This quiz has been taken 15 times
  • The average score is 6 of 16
Answer Stats
Picture Answer % Correct
Nine Inch Nails
93%
Prince
93%
Van Halen
93%
Foo Fighters
86%
Marshmello
43%
Led Zeppelin
36%
Bon Jovi
29%
deadmau5
29%
Dead Kennedys
21%
Linkin Park
21%
Robbie Williams
21%
Drowning Pool
7%
Fall Out Boy
7%
KATSEYE
7%
Olivia Rodrigo
7%
The Neighbourhood
7%
No matching quizzes found
Score Distribution
Percent of People with Each Score
Percentile by Number Answered
Your Score History
You have not taken this quiz